<?xml version="1.0" encoding="UTF-8"?>
<collection xmlns:xsi="http://www.w3.org/2001/XMLSchema-instance" xsi:schemaLocation="http://www.loc.gov/MARC21/slim http://www.loc.gov/standards/marcxml/schema/MARC21slim.xsd" xmlns="http://www.loc.gov/MARC21/slim">
 <record>
  <leader>00000nam a2200000 a 4500</leader>
  <controlfield tag="001">000017841</controlfield>
  <controlfield tag="005">20060306100934.0</controlfield>
  <controlfield tag="008">051219s2004    hu a   e b    100 0 huno </controlfield>
  <datafield tag="020" ind1=" " ind2=" ">
   <subfield code="a">9638610034 (brož.)</subfield>
  </datafield>
  <datafield tag="040" ind1=" " ind2=" ">
   <subfield code="a">SVKKK</subfield>
   <subfield code="b">slo</subfield>
   <subfield code="c">SVKKK</subfield>
   <subfield code="e">AACR2</subfield>
  </datafield>
  <datafield tag="041" ind1="0" ind2=" ">
   <subfield code="a">hun</subfield>
  </datafield>
  <datafield tag="044" ind1=" " ind2=" ">
   <subfield code="a">hu</subfield>
   <subfield code="c">HU</subfield>
  </datafield>
  <datafield tag="072" ind1=" " ind2="7">
   <subfield code="a">930.85</subfield>
   <subfield code="x">Dejiny civilizácie. Kultúrne dejiny</subfield>
   <subfield code="2">konspekt</subfield>
  </datafield>
  <datafield tag="080" ind1=" " ind2=" ">
   <subfield code="a">930.85</subfield>
   <subfield code="2">1997</subfield>
  </datafield>
  <datafield tag="080" ind1=" " ind2=" ">
   <subfield code="a">(439)</subfield>
   <subfield code="2">1997</subfield>
  </datafield>
  <datafield tag="080" ind1=" " ind2=" ">
   <subfield code="a">(063)</subfield>
   <subfield code="2">1997</subfield>
  </datafield>
  <datafield tag="245" ind1="0" ind2="0">
   <subfield code="a">A magyar műveltség gyökerei az 1930-as évek magyar műveltsége :</subfield>
   <subfield code="b">a tizenötödik Magyar Őstörténti találkozó és a kilencedik Magyar Történelmi Iskola előadásai és iratai, Felsőőr/Oberwart, 2000 /</subfield>
   <subfield code="c">[sorozatszerkesztő: Csihák György]</subfield>
  </datafield>
  <datafield tag="250" ind1=" " ind2=" ">
   <subfield code="a">[1. kiad.]</subfield>
  </datafield>
  <datafield tag="260" ind1=" " ind2=" ">
   <subfield code="a">Budapest ;</subfield>
   <subfield code="a">Zürich :</subfield>
   <subfield code="b">Zürichi Magyar Történelmi Egyesület,</subfield>
   <subfield code="c">2004</subfield>
  </datafield>
  <datafield tag="300" ind1=" " ind2=" ">
   <subfield code="a">156 s. :</subfield>
   <subfield code="b">il. ;</subfield>
   <subfield code="c">30 cm</subfield>
  </datafield>
  <datafield tag="500" ind1=" " ind2=" ">
   <subfield code="a">Údaj o zost. prevzatý z rubu titul. strany</subfield>
  </datafield>
  <datafield tag="504" ind1=" " ind2=" ">
   <subfield code="a">Bibl. odkazy. Poznámky pod čiarou</subfield>
  </datafield>
  <datafield tag="650" ind1="0" ind2="7">
   <subfield code="a">kultúrne dejiny</subfield>
   <subfield code="z">Maďarsko</subfield>
   <subfield code="2">SVKKKPH</subfield>
  </datafield>
  <datafield tag="655" ind1=" " ind2="7">
   <subfield code="a">zborníky konferencií</subfield>
   <subfield code="2">SVKKKPH</subfield>
  </datafield>
  <datafield tag="655" ind1=" " ind2="7">
   <subfield code="a">zborníky</subfield>
   <subfield code="2">SVKKKPH</subfield>
  </datafield>
  <datafield tag="700" ind1="1" ind2=" ">
   <subfield code="a">Csihák, György,</subfield>
   <subfield code="d">1934-</subfield>
   <subfield code="4">com</subfield>
  </datafield>
  <datafield tag="919" ind1=" " ind2=" ">
   <subfield code="a">963-86100-3-4</subfield>
  </datafield>
  <datafield tag="998" ind1=" " ind2=" ">
   <subfield code="a">BK</subfield>
  </datafield>
  <datafield tag="090" ind1=" " ind2=" ">
   <subfield code="g">SCKHL</subfield>
   <subfield code="k">Sklad Hlavná 10 prízemie</subfield>
   <subfield code="a">V.214257</subfield>
   <subfield code="j">974382</subfield>
   <subfield code="i">2720063373</subfield>
   <subfield code="s">Absenčne</subfield>
  </datafield>
 </record>
</collection>
